Largest Cities In India - Statistics

General Stats
  • This quiz has been taken 57 times
  • The average score is 9 of 12
Answer Stats
Answer % Correct
Chennai
100%
Mumbai
100%
Delhi
96%
Kolkata
94%
Bangalore
89%
Hyderabad
87%
Ahmedabad
83%
Lucknow
74%
Pune
66%
Jaipur
64%
Surat
55%
Kanpur
32%
No matching quizzes found
Score Distribution
Percent of People with Each Score
Percentile by Number Answered
Your Score History
You have not taken this quiz